000 00811nam a2200253 i 4500
003 DO-SdBNP
005 20260218075148.0
007 ta
008 260218b200? dr a|||| |||| 00| 0 spa d
040 _aDO-SdBNP
_bspa
_cBNPHU
_erda
041 _aspa
082 4 _axxx
_bxxx
_222
100 _aBlanchard, Juan Lulio,
_eautor
_4aut.
_943061
245 1 0 _aMercedes Kranwinkel :
_bmadrina y maestra /
_cJuan Lulio Blanchard
264 1 _aSanto Domingo :
_beditor no identificado,
_c200?.
300 _a68 páginas :
_bilustraciones ;
_c21 cm.
336 _atexto
_btxt
_2rdacontent
337 _asin mediación
_bn
_2rdamedia
338 _avolumen
_bnc
_2rdacarrier
500 _aIncluye datos biográficos del autor en la contracubierta
590 _aInventariado, 2026/BT
910 _aBtavárez
942 _2ddc
_cLBS1
999 _c60346
_d60346